000 00279 a2200121 4500
005 20250619090219.0
082 _a678.785 MAP
100 _aMAPUNDA, S.
245 _aStorekeeping Manual.
260 _aDar es Salaam,
_c1999
300 _a173p.;
_bReferences
_c29cm
942 _2ddc
_cBKS
999 _c4378
_d4378